000 00588nam a22001937a 4500
005 20230921111600.0
010 _aENG-138218
020 _a9788190889285
_c175.00
035 _aEN-121750
037 _bDBAD/PUB
082 _a658.3
100 _aBabu Sathish.A.
_957238
245 _aHuman Resource Mnagement/
_cA. Sathish Babu
260 _aAndhra Pradesh
_bDuvvuri Publications
_c2010
270 _aM.I.G.-143 A.P.H.B. Colony
_bMachilipatnam
_e521001
300 _a256,XXIV
_c24cm(pbk)
700 _aGopinathan Maheswaran
_956902
942 _2ddc
_cEN
_h658.3
_mBAB
999 _c198493
_d198493